De Benedicto a Francisco : (Registro nro. 57303)
[ vista simple ]
| 000 -LEADER | |
|---|---|
| fixed length control field | 01549cam a2200397 i 4500 |
| 001 - CONTROL NUMBER | |
| control field | 57303 |
| 003 - CONTROL NUMBER IDENTIFIER | |
| control field | Mx-PuUPA |
| 005 - DATE AND TIME OF LATEST TRANSACTION | |
| control field | 20250605150946.0 |
| 008 - FIXED-LENGTH DATA ELEMENTS--GENERAL INFORMATION | |
| fixed length control field | 140415s2013 ck a gr 001 0 spa d |
| 020 ## - INTERNATIONAL STANDARD BOOK NUMBER | |
| International Standard Book Number | 9789584234780 |
| Qualifying information | ISBN 13 |
| 020 ## - INTERNATIONAL STANDARD BOOK NUMBER | |
| International Standard Book Number | 9584234781 |
| Qualifying information | ISBN 10 |
| 040 ## - CATALOGING SOURCE | |
| Transcribing agency | Mx-PuUPA |
| Original cataloging agency | Mx-PuUPA |
| Language of cataloging | spa |
| Modifying agency | Mx-PuUPA |
| Description conventions | rda |
| 041 0# - LANGUAGE CODE | |
| Language code of text/sound track or separate title | spa |
| 043 ## - GEOGRAPHIC AREA CODE | |
| Geographic area code | e-vc--- |
| 100 1# - MAIN ENTRY--PERSONAL NAME | |
| Personal name | Velásquez O., César Mauricio, |
| 9 (RLIN) | 17131 |
| Relator term | autor |
| 245 13 - TITLE STATEMENT | |
| Title | De Benedicto a Francisco : |
| Remainder of title | los 30 días que cambiaron la iglesia / |
| Statement of responsibility, etc. | César Mauricio Velázquez O., Andrés Beltramo Álvarez |
| 250 ## - EDITION STATEMENT | |
| Edition statement | Segunda edición / |
| Remainder of edition statement | abril |
| 264 #1 - PRODUCTION, PUBLICATION, DISTRIBUTION, MANUFACTURE, AND COPYRIGHT NOTICE | |
| Place of production, publication, distribution, manufacture | Bogotá : |
| Name of producer, publisher, distributor, manufacturer | Editorial Planeta Colombiana, |
| Date of production, publication, distribution, manufacture, or copyright notice | 2013 |
| 300 ## - PHYSICAL DESCRIPTION | |
| Extent | 188 páginas, 16 láminas sin numerar (blanco y negro) : |
| Other physical details | ilustraciones ; |
| Dimensions | 23 cm |
| 336 ## - CONTENT TYPE | |
| Fuente | rdacontent |
| Content type term | texto |
| Content type code | txt |
| 337 ## - MEDIA TYPE | |
| Source | rdamedia |
| Media type term | sin medio |
| Media type code | n |
| 338 ## - CARRIER TYPE | |
| Source | rdacarrier |
| Carrier type term | volumen |
| Carrier type code | nc |
| 490 0# - SERIES STATEMENT | |
| Series statement | Documentos |
| 600 14 - SUBJECT ADDED ENTRY--PERSONAL NAME | |
| Personal name | Benedicto XVI |
| Titles and other words associated with a name | Papa |
| Chronological subdivision | 1927-2022 |
| 600 14 - SUBJECT ADDED ENTRY--PERSONAL NAME | |
| Personal name | Francisco |
| Titles and other words associated with a name | Papa |
| Chronological subdivision | 1936-2025 |
| 650 #7 - SUBJECT ADDED ENTRY--TOPICAL TERM | |
| Source of heading or term | armarc |
| Topical term or geographic name entry element | Papado |
| General subdivision | Historia |
| Chronological subdivision | Siglo XXI |
| 650 #7 - SUBJECT ADDED ENTRY--TOPICAL TERM | |
| Source of heading or term | armarc |
| Topical term or geographic name entry element | Iglesia católica |
| General subdivision | Papa (2005-2013: Benedicto XVI) |
| Form subdivision | Crítica e interpretación |
| 650 #7 - SUBJECT ADDED ENTRY--TOPICAL TERM | |
| Source of heading or term | armarc |
| Topical term or geographic name entry element | Iglesia católica |
| General subdivision | Papa (2013-2025: Francisco) |
| Form subdivision | Crítica e interpretación |
| 651 ## - SUBJECT ADDED ENTRY--GEOGRAPHIC NAME | |
| Geographic name | Ciudad del Vaticano |
| 700 1# - ADDED ENTRY--PERSONAL NAME | |
| Personal name | Beltramo Álvarez, Andrés, |
| Relator term | autor |
| 942 ## - ADDED ENTRY ELEMENTS (KOHA) | |
| Source of classification or shelving scheme | Dewey Decimal Classification |
| Koha item type | Libro |
| Classification part | 262.13 |
| Item part | V43 |
| Withdrawn status | Lost status | Source of classification or shelving scheme | Damaged status | Not for loan | Collection code | Home library | Current library | Shelving location | Date acquired | Source of acquisition | Cost, normal purchase price | Total Checkouts | Full call number | Barcode | Date last seen | Cost, replacement price | Price effective from | Koha item type |
|---|---|---|---|---|---|---|---|---|---|---|---|---|---|---|---|---|---|---|
| Dewey Decimal Classification | General | Biblioteca Karol Wojtyla | Biblioteca Karol Wojtyla | Sala general | 05/07/2024 | Donación | 0.00 | 262.13 V43 2013 | 46463 | 05/01/2026 | 0.00 | 03/12/2013 | Libro |